| 000 | 00383cam a2200157ua 4500 | ||
|---|---|---|---|
| 003 | OSt | ||
| 008 | 240124b |||||||| |||| 00| 0 eng d | ||
| 020 | _a0 582 46038 7 | ||
| 041 | _aeng | ||
| 082 |
_a631.56 _bBUR/PO |
||
| 100 |
_aBurton, W G . _95776 |
||
| 245 | _aPost harvest physiology of food crops / | ||
| 260 |
_aLondon : _bLongman , _c1982. |
||
| 300 | _a ; . | ||
| 942 | _cBK | ||
| 999 |
_c4890 _d4890 |
||